00943nam a2200217 a 450000100100000000500170001000800410002704000250006808200150009310000440010824500930015226000390024530000280028449000270031250000760033970000290041583000320044495201130047695201190058999900170070800004501620201002045816.0150129s1994 dr a 000 0 spa d aDO-SdBNPbspacBNPHU axxxxbxxxx1 aAmicis, Edmundo, de,d1846-1908.92445110aCorazón /cEdmondo de Amicis ; ilustraciones A. Centeno ; versión Carolina Carlín. aSanto Domingo :bTobogán,c1994. a111 p. :bil. ;c23 cm.1 aClásicos universales aIncluye datos biográficos del autor en la solapa de la contracubierta1 aCenteno, A.eilu.915182 0aClásicos universales9266 0010718PDaPDbPDcHDd2015-01-29iLF1l0oxxxx xxxxp45016-10r2020-06-25w2020-06-25yLFPDZNo se presta 0010718PDaPDbPDcHDd2015-01-29iLF1l0oxxxx xxxxp45016-20r2020-06-25te. 2w2020-06-25yLFPDZNo se presta c44505d44505